The End of Development? Modernity, Post-Modernity and Development /

保存先:
書誌詳細
第一著者: Parfitt, Trevor
その他の著者: Bull, Benedicte reseñador
フォーマット: テキスト
タグ: タグ追加
タグなし, このレコードへの初めてのタグを付けませんか!

MARC

LEADER 00000 a a2200000 04500
001 18631
003
040
100 |a Parfitt, Trevor  
245 |a The End of Development? Modernity, Post-Modernity and Development /  |c Trevor Parfitt 
500 |a Datos de edición: London, Pluto Press, 2002. 177 p  
700 |a Bull, Benedicte   |a reseñador  
773 |g volumen 15, número 1; páginas 199-200  
999 |c 30120  |d 30120